Library Banner

Panic in level 4 : (Record no. 90900)

MARC details
000 -LEADER
fixed length control field 00899cam a2200241 a 4500
001 - CONTROL NUMBER
control field 15040487
005 - DATE AND TIME OF LATEST TRANSACTION
control field 20170208105503.0
008 - FIXED-LENGTH DATA ELEMENTS--GENERAL INFORMATION
fixed length control field 071011s2008 nyua 000 0 eng
020 ## - INTERNATIONAL STANDARD BOOK NUMBER
International Standard Book Number 9781400064908 (alk. paper)
020 ## - INTERNATIONAL STANDARD BOOK NUMBER
International Standard Book Number 1400064902 (alk. paper)
040 ## - CATALOGING SOURCE
Transcribing agency PK-LaUMT
082 00 - DEWEY DECIMAL CLASSIFICATION NUMBER
Classification number 616.024
Edition number 22
Item number PRE-P
100 1# - MAIN ENTRY--PERSONAL NAME
Personal name Preston, Richard
245 10 - TITLE STATEMENT
Title Panic in level 4 :
Remainder of title cannibals, killer viruses, and other journeys to the edge of science /
Statement of responsibility, etc Richard Preston
260 ## - PUBLICATION, DISTRIBUTION, ETC. (IMPRINT)
Place of publication, distribution, etc New York :
Name of publisher, distributor, etc Random House,
Date of publication, distribution, etc 2008
300 ## - PHYSICAL DESCRIPTION
Extent xli, 188 p. :
Other physical details ill. ;
Dimensions 25 cm.
500 ## - GENERAL NOTE
General note "Portions of this book appeared in different form in The New Yorker."
520 ## - SUMMARY, ETC.
Summary, etc Dramatic true stories about the frightening forces and constructive discoveries that are currently roiling and reordering our world.
650 #0 - SUBJECT ADDED ENTRY--TOPICAL TERM
Topical term or geographic name as entry element Medicine, Popular.
650 #0 - SUBJECT ADDED ENTRY--TOPICAL TERM
Topical term or geographic name as entry element Science.
650 #0 - SUBJECT ADDED ENTRY--TOPICAL TERM
Topical term or geographic name as entry element Science writers.
942 ## - ADDED ENTRY ELEMENTS (KOHA)
Koha item type Books
Holdings
Withdrawn status Lost status Damaged status Home library Current library Date acquired Full call number Barcode Date last seen Price effective from Koha item type
      UMT Main Campus UMT Main Campus 2017-02-08 616.024 PRE-P 105280 2017-02-08 2017-02-08 Books